| 000 | 00473nam a2200157 a 4500 | ||
|---|---|---|---|
| 001 | 000007099 | ||
| 005 | 20200929154051.0 | ||
| 008 | 090904s1976 dr c 001 0 spa d | ||
| 040 |
_aDO-SdBNP _bspa _cBNPHU |
||
| 100 | 1 |
_aArciniegas, Nelson Antonio _919712 |
|
| 245 | 1 | 0 |
_aInstrucción naval militar en Santo Domingo / _cNelson Antonio Arciniegas. |
| 260 |
_aSanto Domingo : _bCaribe, _c1976. |
||
| 300 |
_a127 p. : _bil. ; _c21 cm. |
||
| 490 | 1 | _aAhifa | |
| 830 | 0 |
_aAhifa _919713 |
|
| 999 |
_c6880 _d6880 |
||